<?xml version="1.0" encoding="UTF-8"?>
<record
    xmlns:xsi="http://www.w3.org/2001/XMLSchema-instance"
    xsi:schemaLocation="http://www.loc.gov/MARC21/slim http://www.loc.gov/standards/marcxml/schema/MARC21slim.xsd"
    xmlns="http://www.loc.gov/MARC21/slim">

  <leader>02017cam a22003614a 4500</leader>
  <datafield tag="999" ind1=" " ind2=" ">
    <subfield code="c">330694</subfield>
    <subfield code="d">330694</subfield>
  </datafield>
  <controlfield tag="001">16275071</controlfield>
  <controlfield tag="005">20170731103454.0</controlfield>
  <controlfield tag="008">100609s2010    nyua          000 0 eng  </controlfield>
  <datafield tag="010" ind1=" " ind2=" ">
    <subfield code="a">  2010023886</subfield>
  </datafield>
  <datafield tag="020" ind1=" " ind2=" ">
    <subfield code="a">9780230222502 (pbk.)</subfield>
  </datafield>
  <datafield tag="040" ind1=" " ind2=" ">
    <subfield code="a">DLC</subfield>
    <subfield code="c">DLC</subfield>
    <subfield code="d">DLC</subfield>
  </datafield>
  <datafield tag="042" ind1=" " ind2=" ">
    <subfield code="a">pcc</subfield>
  </datafield>
  <datafield tag="050" ind1="0" ind2="0">
    <subfield code="a">ZA3075</subfield>
    <subfield code="b">.G75 2010</subfield>
  </datafield>
  <datafield tag="082" ind1="0" ind2="0">
    <subfield code="a">001.4,GRI</subfield>
    <subfield code="2">22</subfield>
  </datafield>
  <datafield tag="100" ind1="1" ind2=" ">
    <subfield code="a">Grix, Jonathan.</subfield>
    <subfield code="9">3651</subfield>
  </datafield>
  <datafield tag="245" ind1="1" ind2="0">
    <subfield code="a">Information skills :</subfield>
    <subfield code="b">finding and using the right resources /</subfield>
    <subfield code="c">Jonathan Grix, Gerald Watkins.</subfield>
  </datafield>
  <datafield tag="260" ind1=" " ind2=" ">
    <subfield code="a">New York :</subfield>
    <subfield code="b">Palgrave Macmillan,</subfield>
    <subfield code="c">2010.</subfield>
  </datafield>
  <datafield tag="300" ind1=" " ind2=" ">
    <subfield code="a">vi, 163 p. :</subfield>
    <subfield code="b">ill. ;</subfield>
    <subfield code="c">22 cm.</subfield>
  </datafield>
  <datafield tag="505" ind1="8" ind2=" ">
    <subfield code="a">Introduction (Page-1), Back to Basics-Understanding and Categorizing Research Material (Page-7), The Literature Review (Page-27), Online Resources Provided by Libraries and the Academic Community (Page-51), Going it Alone on the Internet (Page-87), Referencing and Plagiarism (Page-104), Glossary (Page-131).</subfield>
  </datafield>
  <datafield tag="650" ind1=" " ind2="0">
    <subfield code="a">Research</subfield>
    <subfield code="x">Methodology.</subfield>
    <subfield code="9">3652</subfield>
  </datafield>
  <datafield tag="650" ind1=" " ind2="0">
    <subfield code="a">Social sciences</subfield>
    <subfield code="x">Research.</subfield>
    <subfield code="9">3653</subfield>
  </datafield>
  <datafield tag="650" ind1=" " ind2="0">
    <subfield code="a">Information retrieval.</subfield>
    <subfield code="9">3654</subfield>
  </datafield>
  <datafield tag="650" ind1=" " ind2="0">
    <subfield code="a">Electronic information resource searching.</subfield>
    <subfield code="9">3655</subfield>
  </datafield>
  <datafield tag="650" ind1=" " ind2="0">
    <subfield code="a">Information resources</subfield>
    <subfield code="x">Evaluation.</subfield>
    <subfield code="9">3656</subfield>
  </datafield>
  <datafield tag="650" ind1=" " ind2="0">
    <subfield code="a">Electronic information resources</subfield>
    <subfield code="x">Evaluation.</subfield>
    <subfield code="9">3657</subfield>
  </datafield>
  <datafield tag="650" ind1=" " ind2="0">
    <subfield code="a">Dissertations, Academic.</subfield>
    <subfield code="9">3658</subfield>
  </datafield>
  <datafield tag="650" ind1=" " ind2="0">
    <subfield code="a">Report writing.</subfield>
    <subfield code="9">3246</subfield>
  </datafield>
  <datafield tag="700" ind1="1" ind2=" ">
    <subfield code="a">Watkins, Gerald,</subfield>
    <subfield code="d">1954-</subfield>
    <subfield code="9">3659</subfield>
  </datafield>
  <datafield tag="906" ind1=" " ind2=" ">
    <subfield code="a">7</subfield>
    <subfield code="b">cbc</subfield>
    <subfield code="c">orignew</subfield>
    <subfield code="d">1</subfield>
    <subfield code="e">ecip</subfield>
    <subfield code="f">20</subfield>
    <subfield code="g">y-gencatlg</subfield>
  </datafield>
  <datafield tag="942" ind1=" " ind2=" ">
    <subfield code="2">ddc</subfield>
    <subfield code="c">BK</subfield>
    <subfield code="k">001.4,GRI</subfield>
  </datafield>
  <datafield tag="952" ind1=" " ind2=" ">
    <subfield code="0">0</subfield>
    <subfield code="1">0</subfield>
    <subfield code="2">ddc</subfield>
    <subfield code="4">0</subfield>
    <subfield code="7">0</subfield>
    <subfield code="a">MCS</subfield>
    <subfield code="b">MCS</subfield>
    <subfield code="c">GEN</subfield>
    <subfield code="d">2017-07-31</subfield>
    <subfield code="l">0</subfield>
    <subfield code="o">001.4,GRI</subfield>
    <subfield code="p">37787</subfield>
    <subfield code="r">2017-07-31</subfield>
    <subfield code="w">2017-07-31</subfield>
    <subfield code="y">BK</subfield>
    <subfield code="z">Almirah No.44, Shelf No.1 </subfield>
  </datafield>
</record>
